{"text_format":"3","workbook":"xlsx","n_sheets":1,"sheets":["t4"],"read":"whole","date_system":"1900"}

{"sheet":"t4","index":0,"n_rows":189,"n_cols":7,"rows_kept":189,"merged":[[0,0,0,6],[30,0,30,5],[47,0,47,5],[146,0,146,5]]}
["TABELA 4.1 - Estatísticas Agrícolas, Município de Águas da Prata, Estado de São Paulo, 2007/08."]
["ITEM","UNIDADE","N.DE UPAs","MÍNIMO","MÉDIO","MÁXIMO","TOTAL"]
["Distância à sede do município","km",332,{"v":1,"d":"1.0"},{"v":16.58,"d":"16.6"},{"v":31,"d":"31.0"},"-"]
["Área total","hectare",332,0.6,{"v":36.21,"d":"36.2"},929.9,{"v":12020.9,"d":"12,020.9"}]
["Área com cultura perene","hectare",67,0.2,{"v":16.96,"d":"17.0"},{"v":140,"d":"140.0"},{"v":1136.6,"d":"1,136.6"}]
["Área com cultura temporária","hectare",108,0.3,{"v":8.88,"d":"8.9"},{"v":170,"d":"170.0"},958.6]
["Área com pastagem","hectare",276,0.4,{"v":21.45,"d":"21.5"},428.3,{"v":5919.2,"d":"5,919.2"}]
["Área com reflorestamento","hectare",79,0.1,{"v":9.42,"d":"9.4"},{"v":145,"d":"145.0"},744.1]
["Área com vegetação natural","hectare",269,0.1,{"v":9.43,"d":"9.4"},467.3,{"v":2537.2,"d":"2,537.2"}]
["Área com vegetação de brejo e várzea","hectare",12,0.1,{"v":3.57,"d":"3.6"},24.2,42.8]
["Área em descanso","hectare",17,0.3,{"v":8.05,"d":"8.1"},36.8,136.8]
["Área complementar","hectare",263,0.1,{"v":2.07,"d":"2.1"},156.4,545.6]
["Área das UPAs com (0, 1] ha","hectare",1,0.6,0.6,0.6,0.6]
["Área das UPAs com (1, 2] ha","hectare",10,1.2,{"v":1.58,"d":"1.6"},1.9,15.8]
["Área das UPAs com (2, 5] ha","hectare",53,2.1,{"v":3.46,"d":"3.5"},4.8,183.6]
["Área das UPAs com (5, 10] ha","hectare",43,5.2,7.7,9.7,331.1]
["Área das UPAs com (10, 20] ha","hectare",81,10.4,{"v":14.41,"d":"14.4"},19.4,{"v":1166.9,"d":"1,166.9"}]
["Área das UPAs com (20, 50] ha","hectare",93,20.1,{"v":30.28,"d":"30.3"},49.8,{"v":2816.5,"d":"2,816.5"}]
["Área das UPAs com (50, 100] ha","hectare",23,50.2,{"v":64.59,"d":"64.6"},93.1,{"v":1485.6,"d":"1,485.6"}]
["Área das UPAs com (100, 200] ha","hectare",19,102.7,{"v":142.08,"d":"142.1"},197.5,{"v":2699.5,"d":"2,699.5"}]
["Área das UPAs com (200, 500] ha","hectare",8,215.3,{"v":298.93,"d":"298.9"},494.4,{"v":2391.4,"d":"2,391.4"}]
["Área das UPAs com (500, 1.000] ha","hectare",1,929.9,929.9,929.9,929.9]
["Área das UPAs com (1.000, 2.000] ha","hectare","-","-","-","-","-"]
["Área das UPAs com (2.000, 5.000] ha","hectare","-","-","-","-","-"]
["Área das UPAs com (5.000, 10.000] ha","hectare","-","-","-","-","-"]
["Área das UPAs acima de 10.000 ha","hectare","-","-","-","-","-"]
["Familiares do proprietário que trabalham na UPA","unidade",235,{"v":1,"d":"1.0"},{"v":1.59,"d":"1.6"},{"v":10,"d":"10.0"},{"v":373,"d":"373.0"}]
["Trabalhadores permanentes","unidade",100,{"v":1,"d":"1.0"},2.8,{"v":29,"d":"29.0"},{"v":280,"d":"280.0"}]
["Fonte: Secretaria de Agricultura e Abastecimento, CDRS/IEA, Projeto LUPA."]
[]
["TABELA 4.2 - Explorações Animais, Município de Águas da Prata, Estado de São Paulo, 2007/08."]
["ITEM","UNIDADE","N.DE UPAs","MÍNIMO","MÉDIO","MÁXIMO","TOTAL"]
["Apicultura","colmeias",4,{"v":20,"d":"20.0"},{"v":31.25,"d":"31.3"},{"v":40,"d":"40.0"},{"v":125,"d":"125.0"}]
["Asininos E Muares","cabeças",42,{"v":1,"d":"1.0"},{"v":1.93,"d":"1.9"},{"v":5,"d":"5.0"},{"v":81,"d":"81.0"}]
["Avestruzes e Ema (Criadouro)","cabeças",1,{"v":15,"d":"15.0"},{"v":15,"d":"15.0"},{"v":15,"d":"15.0"},{"v":15,"d":"15.0"}]
["Avicultura para Ovos","cabeças",1,{"v":60,"d":"60.0"},{"v":60,"d":"60.0"},{"v":60,"d":"60.0"},{"v":60,"d":"60.0"}]
["Bovinocultura de Corte","cabeças",114,{"v":1,"d":"1.0"},{"v":36.76,"d":"36.8"},{"v":943,"d":"943.0"},{"v":4191,"d":"4,191.0"}]
["Bovinocultura Leiteira","cabeças",56,{"v":1,"d":"1.0"},23.3,{"v":168,"d":"168.0"},{"v":1305,"d":"1,305.0"}]
["Bovinocultura Mista","cabeças",46,{"v":2,"d":"2.0"},{"v":20.33,"d":"20.3"},{"v":135,"d":"135.0"},{"v":935,"d":"935.0"}]
["Equinocultura","cabeças",46,{"v":1,"d":"1.0"},{"v":5.98,"d":"6.0"},{"v":86,"d":"86.0"},{"v":275,"d":"275.0"}]
["Javalis (Criadouro)","cabeças",1,{"v":20,"d":"20.0"},{"v":20,"d":"20.0"},{"v":20,"d":"20.0"},{"v":20,"d":"20.0"}]
["Minhocultura","canteiros",1,{"v":10,"d":"10.0"},{"v":10,"d":"10.0"},{"v":10,"d":"10.0"},{"v":10,"d":"10.0"}]
["Ovinocultura","cabeças",5,{"v":2,"d":"2.0"},100.4,{"v":230,"d":"230.0"},{"v":502,"d":"502.0"}]
["Piscicultura","m² tanques",1,{"v":60,"d":"60.0"},{"v":60,"d":"60.0"},{"v":60,"d":"60.0"},{"v":60,"d":"60.0"}]
["Suinocultura","cabeças",9,{"v":2,"d":"2.0"},{"v":656.33,"d":"656.3"},{"v":5780,"d":"5,780.0"},{"v":5907,"d":"5,907.0"}]
["Fonte: Secretaria de Agricultura e Abastecimento, CDRS/IEA, Projeto LUPA."]
[]
["TABELA 4.3 -  Máquinas, Implementos e Benfeitorias, Município de Águas da Prata, Estado de São Paulo, 2007/08."]
["ITEM","UNIDADE","N.DE UPAs","MÍNIMO","MÉDIO","MÁXIMO","TOTAL"]
["Arado Comum (Bacia, Aiveca)","Unidade",54,{"v":1,"d":"1.0"},{"v":1.33,"d":"1.3"},{"v":5,"d":"5.0"},{"v":72,"d":"72.0"}]
["Arado Subsolador","Unidade",11,{"v":1,"d":"1.0"},{"v":1.27,"d":"1.3"},{"v":3,"d":"3.0"},{"v":14,"d":"14.0"}]
["Batedeira de Cereais","Unidade",12,{"v":1,"d":"1.0"},{"v":1,"d":"1.0"},{"v":1,"d":"1.0"},{"v":12,"d":"12.0"}]
["Câmara Fria","Unidade",1,{"v":1,"d":"1.0"},{"v":1,"d":"1.0"},{"v":1,"d":"1.0"},{"v":1,"d":"1.0"}]
["Colhedeira Acoplada","Unidade",1,{"v":1,"d":"1.0"},{"v":1,"d":"1.0"},{"v":1,"d":"1.0"},{"v":1,"d":"1.0"}]
["Colhedeira Automotriz","Unidade",1,{"v":1,"d":"1.0"},{"v":1,"d":"1.0"},{"v":1,"d":"1.0"},{"v":1,"d":"1.0"}]
["Computador","Unidade",26,{"v":1,"d":"1.0"},{"v":1.35,"d":"1.4"},{"v":8,"d":"8.0"},{"v":35,"d":"35.0"}]
["Conj.Irrigação Convencional","Unidade",34,{"v":1,"d":"1.0"},{"v":1.32,"d":"1.3"},{"v":3,"d":"3.0"},{"v":45,"d":"45.0"}]
["Desintegrador de Palha (Plantio Direto)","Unidade",1,{"v":1,"d":"1.0"},{"v":1,"d":"1.0"},{"v":1,"d":"1.0"},{"v":1,"d":"1.0"}]
["Desintegrador, Picador, Triturador","Unidade",79,{"v":1,"d":"1.0"},{"v":1.18,"d":"1.2"},{"v":3,"d":"3.0"},{"v":93,"d":"93.0"}]
["Distribuidor de Calcário","Unidade",21,{"v":1,"d":"1.0"},{"v":1.05,"d":"1.1"},{"v":2,"d":"2.0"},{"v":22,"d":"22.0"}]
["Ensiladeira","Unidade",16,{"v":1,"d":"1.0"},{"v":1.06,"d":"1.1"},{"v":2,"d":"2.0"},{"v":17,"d":"17.0"}]
["Grade Aradora (Tipo Romi)","Unidade",7,{"v":1,"d":"1.0"},{"v":1.43,"d":"1.4"},{"v":2,"d":"2.0"},{"v":10,"d":"10.0"}]
["Grade Niveladora","Unidade",42,{"v":1,"d":"1.0"},{"v":1.14,"d":"1.1"},{"v":4,"d":"4.0"},{"v":48,"d":"48.0"}]
["Implementos para Tração Animal","Unidade",18,{"v":1,"d":"1.0"},{"v":3,"d":"3.0"},{"v":10,"d":"10.0"},{"v":54,"d":"54.0"}]
["Microtrator","Unidade",3,{"v":1,"d":"1.0"},{"v":1.33,"d":"1.3"},{"v":2,"d":"2.0"},{"v":4,"d":"4.0"}]
["Misturador de Ração","Unidade",2,{"v":1,"d":"1.0"},{"v":1,"d":"1.0"},{"v":1,"d":"1.0"},{"v":2,"d":"2.0"}]
["Ordenhadeira Mecânica","Unidade",12,{"v":1,"d":"1.0"},{"v":1,"d":"1.0"},{"v":1,"d":"1.0"},{"v":12,"d":"12.0"}]
["Pulverizador Tratorizado","Unidade",37,{"v":1,"d":"1.0"},{"v":1.22,"d":"1.2"},{"v":2,"d":"2.0"},{"v":45,"d":"45.0"}]
["Resfriador de Leite, Tanque Expansão","Unidade",11,{"v":1,"d":"1.0"},{"v":1.09,"d":"1.1"},{"v":2,"d":"2.0"},{"v":12,"d":"12.0"}]
["Roçadeira Costal","Unidade",13,{"v":1,"d":"1.0"},{"v":2,"d":"2.0"},{"v":6,"d":"6.0"},{"v":26,"d":"26.0"}]
["Roçadeira Tratorizada","Unidade",13,{"v":1,"d":"1.0"},{"v":1.15,"d":"1.2"},{"v":2,"d":"2.0"},{"v":15,"d":"15.0"}]
["Semeadeira/Adubadeira para Plantio Convencional","Unidade",14,{"v":1,"d":"1.0"},{"v":1.07,"d":"1.1"},{"v":2,"d":"2.0"},{"v":15,"d":"15.0"}]
["Semeadeira/Plantadeira Plantio Direto","Unidade",6,{"v":1,"d":"1.0"},{"v":1,"d":"1.0"},{"v":1,"d":"1.0"},{"v":6,"d":"6.0"}]
["Terraceador","Unidade",1,{"v":1,"d":"1.0"},{"v":1,"d":"1.0"},{"v":1,"d":"1.0"},{"v":1,"d":"1.0"}]
["Trator de Pneus","Unidade",74,{"v":1,"d":"1.0"},{"v":1.72,"d":"1.7"},{"v":9,"d":"9.0"},{"v":127,"d":"127.0"}]
["Açude/Represa","Unidade",102,{"v":1,"d":"1.0"},{"v":1.46,"d":"1.5"},{"v":9,"d":"9.0"},{"v":149,"d":"149.0"}]
["Almoxarifado/Oficina","Unidade",9,{"v":1,"d":"1.0"},{"v":1.11,"d":"1.1"},{"v":2,"d":"2.0"},{"v":10,"d":"10.0"}]
["Armazém para Grãos Ensacados","Sacas",14,{"v":1,"d":"1.0"},{"v":2407,"d":"2,407.0"},{"v":10000,"d":"10,000.0"},{"v":33698,"d":"33,698.0"}]
["Balança para Veículos","Unidade",1,{"v":1,"d":"1.0"},{"v":1,"d":"1.0"},{"v":1,"d":"1.0"},{"v":1,"d":"1.0"}]
["Barracão para Granja/Avicultura","Unidade",1,{"v":1,"d":"1.0"},{"v":1,"d":"1.0"},{"v":1,"d":"1.0"},{"v":1,"d":"1.0"}]
["Barracão/Galpão/Garagem","Unidade",115,{"v":1,"d":"1.0"},{"v":1.22,"d":"1.2"},{"v":3,"d":"3.0"},{"v":140,"d":"140.0"}]
["Casa de Moradia Habitada","Unidade",181,{"v":1,"d":"1.0"},{"v":2.09,"d":"2.1"},{"v":17,"d":"17.0"},{"v":379,"d":"379.0"}]
["Casa de Moradia Total","Unidade",233,{"v":1,"d":"1.0"},{"v":2.42,"d":"2.4"},{"v":20,"d":"20.0"},{"v":564,"d":"564.0"}]
["Curral/Mangueira","Unidade",92,{"v":1,"d":"1.0"},{"v":1.05,"d":"1.1"},{"v":2,"d":"2.0"},{"v":97,"d":"97.0"}]
["Depósito/Tulha","Unidade",55,{"v":1,"d":"1.0"},{"v":1.36,"d":"1.4"},{"v":6,"d":"6.0"},{"v":75,"d":"75.0"}]
["Estábulo","Unidade",37,{"v":1,"d":"1.0"},{"v":1.03,"d":"1.0"},{"v":2,"d":"2.0"},{"v":38,"d":"38.0"}]
["Estufa/Plasticultura","m²",2,{"v":460,"d":"460.0"},{"v":480,"d":"480.0"},{"v":500,"d":"500.0"},{"v":960,"d":"960.0"}]
["Fábrica de Ração","Unidade",1,{"v":1,"d":"1.0"},{"v":1,"d":"1.0"},{"v":1,"d":"1.0"},{"v":1,"d":"1.0"}]
["Instalações para Equinos","Unidade",9,{"v":1,"d":"1.0"},{"v":5.44,"d":"5.4"},{"v":34,"d":"34.0"},{"v":49,"d":"49.0"}]
["Máquina de Benefício","Unidade",9,{"v":1,"d":"1.0"},{"v":1,"d":"1.0"},{"v":1,"d":"1.0"},{"v":9,"d":"9.0"}]
["Pocilga","Unidade",10,{"v":1,"d":"1.0"},{"v":2,"d":"2.0"},{"v":11,"d":"11.0"},{"v":20,"d":"20.0"}]
["Secador de Grãos","Unidade",6,{"v":1,"d":"1.0"},{"v":1.83,"d":"1.8"},{"v":3,"d":"3.0"},{"v":11,"d":"11.0"}]
["Silo para Grãos","t",2,{"v":1,"d":"1.0"},450.5,{"v":900,"d":"900.0"},{"v":901,"d":"901.0"}]
["Silo para Silagem","t",20,{"v":1,"d":"1.0"},159.1,{"v":500,"d":"500.0"},{"v":3182,"d":"3,182.0"}]
["Terreiro","m²",41,{"v":1,"d":"1.0"},{"v":754.68,"d":"754.7"},{"v":3600,"d":"3,600.0"},{"v":30942,"d":"30,942.0"}]
["Fonte: Secretaria de Agricultura e Abastecimento, CDRS/IEA, Projeto LUPA."]
[]
["TABELA 4.4 - Outras Estatísticas Agrícolas, Município de Águas da Prata, Estado de São Paulo, 2007/08."]
["ITEM","Número de UPAs",null,"Percentual"]
["Faz Parte de Associação de Produtores",20,null,{"v":6.024096385542169,"d":"6.0"}]
["Faz Parte de Cooperativa de Produtores",21,null,{"v":6.325301204819278,"d":"6.3"}]
["Faz Parte do Sindicato de Produtores",41,null,{"v":12.349397590361445,"d":"12.3"}]
["Não utiliza assistência técnica ",204,null,{"v":61.44578313253012,"d":"61.4"}]
["Utiliza somente assistência técnica governamental ",101,null,{"v":30.42168674698795,"d":"30.4"}]
["Utiliza somente assistência técnica privada ",10,null,{"v":3.0120481927710845,"d":"3.0"}]
["Utiliza assistência técnica tanto governamental quanto privada",17,null,{"v":5.120481927710844,"d":"5.1"}]
["Utiliza Crédito Rural",57,null,{"v":17.168674698795183,"d":"17.2"}]
["Utiliza Seguro Rural",49,null,{"v":14.759036144578314,"d":"14.8"}]
["Utiliza Escrituração Agrícola",59,null,{"v":17.771084337349397,"d":"17.8"}]
["Acessa Internet p/ Fins na Agropecuária",59,null,{"v":17.771084337349397,"d":"17.8"}]
["Utiliza Computador nas Atividades Agropecuárias",56,null,{"v":16.867469879518072,"d":"16.9"}]
["Utiliza Energia Elétrica Para Uso na Atividade Agrícola",228,null,{"v":68.67469879518073,"d":"68.7"}]
["Realiza Análise de Solo, quando necessário",107,null,{"v":32.2289156626506,"d":"32.2"}]
["Utiliza Práticas de Conservação de Solo, quando necessário",77,null,{"v":23.192771084337352,"d":"23.2"}]
["Faz Adubação Mineral, quando necessário",207,null,{"v":62.34939759036144,"d":"62.3"}]
["Faz Adubação Orgânica, quando necessário",29,null,{"v":8.734939759036145,"d":"8.7"}]
["Faz Adubação Verde, quando necessário",4,null,{"v":1.2048192771084338,"d":"1.2"}]
["Utiliza Manejo Integrado de Pragas (MIP)","-",null,"-"]
["Utiliza Hidroponia",1,null,{"v":0.3012048192771084,"d":"0.3"}]
["Utiliza Plasticultura",3,null,{"v":0.9036144578313253,"d":"0.9"}]
["Utiliza Mudas Fiscalizadas",75,null,{"v":22.590361445783135,"d":"22.6"}]
["Utiliza Semente Melhorada",178,null,{"v":53.614457831325296,"d":"53.6"}]
["Faz Confinamento de Bovinos",1,null,{"v":0.3012048192771084,"d":"0.3"}]
["Utiliza Pastejo Intensivo",4,null,{"v":1.2048192771084338,"d":"1.2"}]
["Faz Inseminação Artificial",16,null,{"v":4.819277108433735,"d":"4.8"}]
["Faz Mineralização do Rebanho",187,null,{"v":56.32530120481927,"d":"56.3"}]
["Faz Vermifugação do Rebanho",187,null,{"v":56.32530120481927,"d":"56.3"}]
["Possui Parceiros /Arrendatários na Exploração Animal",34,null,{"v":10.240963855421686,"d":"10.2"}]
["Esporte e lazer",7,null,{"v":2.108433734939759,"d":"2.1"}]
["Extração mineral",14,null,{"v":4.216867469879518,"d":"4.2"}]
["Hotel Fazenda, Pousada ou SPA",5,null,{"v":1.5060240963855422,"d":"1.5"}]
["Pesque-pague","-",null,"-"]
["Restaurante ou Lanchonete",4,null,{"v":1.2048192771084338,"d":"1.2"}]
["Transformação artesanal","-",null,"-"]
["Turismo rural ou ecoturismo","-",null,"-"]
["Outras atividades econômicas rurais",7,null,{"v":2.108433734939759,"d":"2.1"}]
["Agroindústria",1,null,{"v":0.3012048192771084,"d":"0.3"}]
["Proprietário sem instrução ou com instrução incompleta",31,null,{"v":9.337349397590362,"d":"9.3"}]
["Proprietário com antigo primário completo",151,null,{"v":45.48192771084337,"d":"45.5"}]
["Proprietário com 1° grau (ou antigo ginasial) completo",24,null,{"v":7.228915662650603,"d":"7.2"}]
["Proprietário com 2° grau (ou antigo colegial) completo",43,null,{"v":12.951807228915662,"d":"13.0"}]
["Proprietário com curso superior completo ",66,null,{"v":19.879518072289155,"d":"19.9"}]
["Pessoa Jurídica",17,null,{"v":5.120481927710844,"d":"5.1"}]
["Proprietário residente na própria UPA ",88,null,{"v":26.506024096385545,"d":"26.5"}]
["Fonte: Secretaria de Agricultura e Abastecimento, CDRS/IEA, Projeto LUPA."]
[]
["TABELA 4.5 - Área Cultivada, Município de Águas da Prata, Estado de São Paulo, 2007/08."]
["CULTURA","N.DE UPAs","MÍNIMO","MÉDIO","MÁXIMO","TOTAL"]
["Braquiaria",192,0.6,20.3,{"v":242,"d":"242.0"},{"v":3897.9,"d":"3,897.9"}]
["Cafe",57,0.3,19.5,{"v":140,"d":"140.0"},{"v":1111.6,"d":"1,111.6"}]
["Capim-gordura",33,{"v":2,"d":"2.0"},{"v":26.32,"d":"26.3"},186.3,868.6]
["Eucalipto",79,0.1,{"v":9.42,"d":"9.4"},{"v":145,"d":"145.0"},744.1]
["Milho",50,{"v":1,"d":"1.0"},{"v":10.77,"d":"10.8"},{"v":170,"d":"170.0"},538.5]
["Setaria",50,0.4,{"v":10.69,"d":"10.7"},38.5,534.3]
["Outras gramineas para pastagem",21,1.2,{"v":18.76,"d":"18.8"},{"v":157,"d":"157.0"},{"v":394,"d":"394.0"}]
["Batata-inglesa (ou batata, ou batatinha)",37,{"v":1,"d":"1.0"},{"v":5.58,"d":"5.6"},24.2,206.4]
["Gramas",11,2.1,{"v":12.64,"d":"12.6"},{"v":35,"d":"35.0"},{"v":139,"d":"139.0"}]
["Cana-de-acucar",9,0.5,{"v":12.03,"d":"12.0"},72.6,108.3]
["Coloniao",4,2.1,{"v":11.63,"d":"11.6"},26.8,46.5]
["Feijao",9,0.3,3.1,{"v":7,"d":"7.0"},27.9]
["Milho-silagem",3,3.6,{"v":8.13,"d":"8.1"},{"v":16,"d":"16.0"},24.4]
["Capim-napier (ou capim-elefante)",8,0.1,{"v":3.05,"d":"3.1"},12.1,24.4]
["Morango",2,{"v":3,"d":"3.0"},7.5,{"v":12,"d":"12.0"},{"v":15,"d":"15.0"}]
["Repolho",11,0.6,{"v":1.35,"d":"1.4"},4.5,14.9]
["Sorgo-forrageiro",1,10.9,10.9,10.9,10.9]
["Pomar domestico",9,0.4,{"v":1.12,"d":"1.1"},2.4,10.1]
["Cebola",3,0.9,{"v":2.53,"d":"2.5"},{"v":4,"d":"4.0"},7.6]
["Cenoura",5,0.1,{"v":1.16,"d":"1.2"},{"v":2,"d":"2.0"},5.8]
["Azeitona",1,{"v":5,"d":"5.0"},{"v":5,"d":"5.0"},{"v":5,"d":"5.0"},{"v":5,"d":"5.0"}]
["Manga",1,4.8,4.8,4.8,4.8]
["Banana",2,{"v":2,"d":"2.0"},2.2,2.4,4.4]
["Outras leguminosas para pastagem",2,{"v":1,"d":"1.0"},1.8,2.6,3.6]
["Outras olericolas",3,0.4,{"v":1.03,"d":"1.0"},1.5,3.1]
["Arroz",1,2.4,2.4,2.4,2.4]
["Brocolos (ou brocolis)",3,0.5,{"v":0.77,"d":"0.8"},{"v":1,"d":"1.0"},2.3]
["Alface",2,0.5,{"v":0.75,"d":"0.8"},{"v":1,"d":"1.0"},1.5]
["Pepino",2,0.3,{"v":0.65,"d":"0.7"},{"v":1,"d":"1.0"},1.3]
["Abobora (ou jerimum)",1,1.2,1.2,1.2,1.2]
["Feijao-vagem (ou vagem, ou feijao-verde)",1,{"v":1,"d":"1.0"},{"v":1,"d":"1.0"},{"v":1,"d":"1.0"},{"v":1,"d":"1.0"}]
["Tomate envarado",1,{"v":1,"d":"1.0"},{"v":1,"d":"1.0"},{"v":1,"d":"1.0"},{"v":1,"d":"1.0"}]
["Tomate rasteiro",1,{"v":1,"d":"1.0"},{"v":1,"d":"1.0"},{"v":1,"d":"1.0"},{"v":1,"d":"1.0"}]
["Couve-flor",1,0.8,0.8,0.8,0.8]
["Limao",1,0.5,0.5,0.5,0.5]
["Horta domestica",1,0.5,0.5,0.5,0.5]
["Berinjela",1,0.4,0.4,0.4,0.4]
["Jabuticaba",1,0.2,0.2,0.2,0.2]
["Pimentao",1,0.2,0.2,0.2,0.2]
["Pimenta",1,0.1,0.1,0.1,0.1]
["Fonte: Secretaria de Agricultura e Abastecimento, CDRS/IEA, Projeto LUPA."]